Nommez un pays frontalier valide - Statistiques

Statistiques générales
  • Ce quiz a été pris 370 fois
  • Le résultat moyen est 18 sur 20
Statistiques - réponses
Pays Pays frontalier % Correct
Chine Afghanistan | Bhoutan | Inde | Kazakhstan | Kirghizistan | Laos | Mongolie | Birmanie | Népal | Corée du Nord | Pakistan | Russie | Tadjikistan | Viêt Nam
100%
Maroc Algérie | Mauritanie | Espagne
100%
France Andorre | Belgique | Brésil | Allemagne | Italie | Luxembourg | Monaco | Espagne | Suriname | Suisse
100%
Brésil Argentine | Bolivie | Colombie | France | Guyana | Paraguay | Pérou | Suriname | Uruguay | Venezuela
100%
Allemagne Autriche | Belgique | République Tchèque | Danemark | France | Luxembourg | Pays-Bas | Pologne | Suisse
100%
Suisse Autriche | France | Allemagne | Italie | Liechtenstein
100%
Italie Autriche | France | Saint-Marin | Slovénie | Suisse | Vatican
100%
Lituanie Biélorussie | Lettonie | Pologne | Russie
100%
Pologne Biélorussie | République Tchèque | Allemagne | Lituanie | Russie | Slovaquie | Ukraine
100%
Pérou Bolivie | Brésil | Chili | Colombie | Équateur
100%
Argentine Bolivie | Brésil | Chili | Paraguay | Uruguay
100%
Colombie Brésil | Équateur | Panama | Pérou | Venezuela
100%
Viêt Nam Cambodge | Chine | Laos
100%
Corée du Sud Corée du Nord
100%
Israël Égypte | Jordanie | Liban | Syrie
100%
Portugal Espagne
100%
Canada États-Unis
100%
Norvège Finlande | Russie | Suède
100%
Monaco France
100%
Albanie Grèce | Kosovo | Monténégro | Macédoine du Nord
100%
Royaume-Uni Irlande
100%
Finlande Norvège | Russie | Suède
100%
Émirats Arabes Unis Oman | Arabie Saoudite
100%
Irlande Royaume-Uni
100%
Paraguay Argentine | Bolivie | Brésil
98%
Nigeria Bénin | Cameroun | Tchad | Niger
98%
Ukraine Biélorussie | Hongrie | Moldavie | Pologne | Roumanie | Russie | Slovaquie
98%
Venezuela Brésil | Colombie | Guyana
98%
Guyana Brésil | Suriname | Venezuela
98%
Roumanie Bulgarie | Hongrie | Moldavie | Serbie | Ukraine
98%
États-Unis Canada | Mexique
98%
Afghanistan Chine | Iran | Pakistan | Tadjikistan | Turkménistan | Ouzbékistan
98%
Suède Finlande | Norvège
98%
Belgique France | Allemagne | Luxembourg | Pays-Bas
98%
Arabie Saoudite Irak | Jordanie | Koweït | Oman | Qatar | Émirats Arabes Unis | Yémen
98%
Irak Iran | Jordanie | Koweït | Arabie Saoudite | Syrie | Turquie
98%
Biélorussie Lettonie | Lituanie | Pologne | Russie | Ukraine
98%
Pakistan Afghanistan | Chine | Inde | Iran
97%
Monténégro Albanie | Bosnie-Herzégovine | Croatie | Kosovo | Serbie
97%
Grèce Albanie | Bulgarie | Macédoine du Nord | Turquie
97%
Kosovo Albanie | Monténégro | Macédoine du Nord | Serbie
97%
Uruguay Argentine | Brésil
97%
Bolivie Argentine | Brésil | Chili | Paraguay | Pérou
97%
Turquie Arménie | Azerbaïdjan | Bulgarie | Géorgie | Grèce | Iran | Irak | Syrie
97%
Hongrie Autriche | Croatie | Roumanie | Serbie | Slovaquie | Slovénie | Ukraine
97%
Liechtenstein Autriche | Suisse
97%
Inde Bangladesh | Bhoutan | Chine | Birmanie | Népal | Pakistan
97%
Pays-Bas Belgique | Allemagne
97%
Guatemala Belize | Salvador | Honduras | Mexique
97%
Lettonie Biélorussie | Estonie | Lituanie | Russie
97%
Croatie Bosnie-Herzégovine | Hongrie | Monténégro | Serbie | Slovénie
97%
Andorre France | Espagne
97%
Saint-Marin Italie
97%
Estonie Lettonie | Russie
97%
Algérie Libye | Mali | Mauritanie | Maroc | Niger | Tunisie
97%
Autriche République Tchèque | Allemagne | Hongrie | Italie | Liechtenstein | Slovénie | Slovaquie | Suisse
97%
Macédoine du Nord Albanie | Bulgarie | Grèce | Kosovo | Serbie
96%
Kazakhstan Chine | Kirghizistan | Russie | Turkménistan | Ouzbékistan
96%
Ouzbékistan Afghanistan | Kazakhstan | Kirghizistan | Tadjikistan | Turkménistan
95%
Mali Algérie | Burkina Faso | Guinée | Côte d'Ivoire | Mauritanie | Niger | Sénégal
95%
Espagne Andorre | France | Maroc | Portugal
95%
Zambie Angola | Botswana | République Démocratique du Congo | Malawi | Mozambique | Namibie | Tanzanie | Zimbabwe
95%
République Démocratique du Congo Angola | Burundi | République Centrafricaine | République du Congo | Rwanda | Soudan du Sud | Tanzanie | Ouganda | Zambie
95%
Russie Azerbaïdjan | Biélorussie | Chine | Estonie | Finlande | Géorgie | Kazakhstan | Lettonie | Lituanie | Mongolie | Corée du Nord | Norvège | Pologne | Ukraine
95%
Mexique Belize | Guatemala | États-Unis
95%
Serbie Bosnie-Herzégovine | Bulgarie | Croatie | Hongrie | Kosovo | Monténégro | Macédoine du Nord | Roumanie
95%
Afrique du Sud Botswana | Eswatini | Lesotho | Mozambique | Namibie | Zimbabwe
95%
Tchad Cameroun | République Centrafricaine | Libye | Niger | Nigeria | Soudan
95%
Kirghizistan Chine | Kazakhstan | Tadjikistan | Ouzbékistan
95%
Mongolie Chine | Russie
95%
Corée du Nord Chine | Russie | Corée du Sud
95%
Nicaragua Costa Rica | Honduras
95%
Bosnie-Herzégovine Croatie | Monténégro | Serbie
95%
Éthiopie Djibouti | Érythrée | Kenya | Somalie | Soudan du Sud | Soudan
95%
Mozambique Eswatini | Malawi | Afrique du Sud | Tanzanie | Zambie | Zimbabwe
95%
Syrie Irak | Israël | Jordanie | Liban | Turquie
95%
Vatican Italie
95%
Soudan du Sud République Centrafricaine | République Démocratique du Congo | Éthiopie | Kenya | Soudan | Ouganda
95%
Iran Afghanistan | Arménie | Azerbaïdjan | Irak | Pakistan | Turquie | Turkménistan
94%
Oman Arabie Saoudite | Émirats Arabes Unis | Yémen
94%
Chili Argentine | Bolivie | Pérou
94%
Côte d'Ivoire Burkina Faso | Ghana | Guinée | Liberia | Mali
94%
Panama Colombie | Costa Rica
94%
Bulgarie Grèce | Macédoine du Nord | Roumanie | Serbie | Turquie
94%
Guinée-Bissau Guinée | Sénégal
94%
Égypte Israël | Libye | Soudan
94%
Turkménistan Afghanistan | Iran | Kazakhstan | Ouzbékistan
93%
Niger Algérie | Bénin | Burkina Faso | Tchad | Libye | Mali | Nigeria
93%
Danemark Allemagne
93%
République du Congo Angola | Cameroun | République Centrafricaine | République Démocratique du Congo | Gabon
93%
République Tchèque Autriche | Allemagne | Pologne | Slovaquie
93%
Slovaquie Autriche | République Tchèque | Hongrie | Pologne | Ukraine
93%
Laos Cambodge | Chine | Birmanie | Thaïlande | Viêt Nam
93%
Koweït Irak | Arabie Saoudite
93%
Costa Rica Nicaragua | Panama
93%
Soudan République Centrafricaine | Tchad | Égypte | Érythrée | Éthiopie | Libye | Soudan du Sud
93%
Cameroun République Centrafricaine | Tchad | Guinée Équatoriale | Gabon | Nigeria | République du Congo
93%
Géorgie Arménie | Azerbaïdjan | Russie | Turquie
92%
Azerbaïdjan Arménie | Géorgie | Iran | Russie | Turquie
92%
Malaisie Brunei | Indonésie | Thaïlande
92%
Angola République Démocratique du Congo | Namibie | République du Congo | Zambie
92%
Indonésie Timor Oriental | Malaisie | Papouasie-Nouvelle-Guinée
92%
Tunisie Algérie | Libye
91%
Namibie Angola | Botswana | Afrique du Sud | Zambie
91%
République Centrafricaine Cameroun | Tchad | République Démocratique du Congo | République du Congo | Soudan du Sud | Soudan
91%
Guinée Guinée-Bissau | Côte d'Ivoire | Liberia | Mali | Sénégal | Sierra Leone
91%
Jordanie Irak | Israël | Arabie Saoudite | Syrie
91%
Lesotho Afrique du Sud
90%
Luxembourg Belgique | France | Allemagne
90%
Équateur Colombie | Pérou
90%
Eswatini Mozambique | Afrique du Sud
90%
Zimbabwe Botswana | Mozambique | Afrique du Sud | Zambie
89%
Liban Israël | Syrie
89%
Libye Algérie | Tchad | Égypte | Niger | Soudan | Tunisie
88%
Slovénie Autriche | Croatie | Hongrie | Italie
88%
Arménie Azerbaïdjan | Géorgie | Iran | Turquie
88%
Thaïlande Cambodge | Laos | Malaisie | Birmanie
88%
Sénégal Gambie | Guinée | Guinée-Bissau | Mali | Mauritanie
88%
Haïti République Dominicaine
88%
Qatar Arabie Saoudite
87%
Népal Chine | Inde
87%
Bangladesh Inde | Birmanie
87%
Cambodge Laos | Thaïlande | Viêt Nam
87%
Ghana Burkina Faso | Côte d'Ivoire | Togo
86%
Gabon Cameroun | Guinée Équatoriale | République du Congo
86%
Djibouti Érythrée | Éthiopie | Somalie
86%
Kenya Éthiopie | Somalie | Soudan du Sud | Tanzanie | Ouganda
86%
Honduras Salvador | Guatemala | Nicaragua
86%
Mauritanie Algérie | Mali | Maroc | Sénégal
85%
Suriname Brésil | France | Guyana
85%
Botswana Namibie | Afrique du Sud | Zambie | Zimbabwe
85%
Burkina Faso Bénin | Ghana | Côte d'Ivoire | Mali | Niger | Togo
84%
Rwanda Burundi | République Démocratique du Congo | Tanzanie | Ouganda
84%
Somalie Djibouti | Éthiopie | Kenya
84%
Yémen Oman | Arabie Saoudite
84%
Moldavie Roumanie | Ukraine
84%
Liberia Guinée | Côte d'Ivoire | Sierra Leone
83%
Ouganda République Démocratique du Congo | Kenya | Rwanda | Soudan du Sud | Tanzanie
83%
Bénin Burkina Faso | Niger | Nigeria | Togo
81%
Tadjikistan Afghanistan | Chine | Kirghizistan | Ouzbékistan
80%
Tanzanie Burundi | République Démocratique du Congo | Kenya | Malawi | Mozambique | Rwanda | Ouganda | Zambie
80%
Papouasie-Nouvelle-Guinée Indonésie
80%
Burundi République Démocratique du Congo | Rwanda | Tanzanie
80%
Érythrée Djibouti | Éthiopie | Soudan
79%
Bhoutan Chine | Inde
77%
Salvador Guatemala | Honduras
76%
Belize Guatemala | Mexique
76%
Malawi Mozambique | Tanzanie | Zambie
76%
République Dominicaine Haïti
75%
Timor Oriental Indonésie
74%
Togo Bénin | Burkina Faso | Ghana
73%
Brunei Malaisie
71%
Sierra Leone Guinée | Liberia
69%
Gambie Sénégal
68%
Guinée Équatoriale Cameroun | Gabon
67%
Aucun quiz correspondant
Distribution des résultats
% des personnes avec chaque résultat
Percentile par nombre de réponses
Votre historique - résultats
Vous n’avez pas pris ce quiz